Videospielcharaktere erraten 3 - Statistiken

Allgemein
  • Dieses Quiz wurde 66 mal gespielt
  • Das Durchschnittsergebnis liegt bei 4 aus 16
Antwortstatistiken
Bildquiz Antwort % Korrekt
Miles Morales
69%
Ekko
59%
Big Smoke
45%
Phoenix
45%
Senna
38%
Carl Johnson
36%
Baptiste
23%
Demetrius
17%
Clementine
16%
Alyx Vance
14%
Whyll
14%
Sheva Alomar
9%
Aveline de Grandpré
8%
Chains
6%
Elena
5%
Sazh Katzroy
3%
Keine übereinstimmenden Quizze gefunden
Verteilung der Resultate
Anzahl Personen mit jedem Resultat
Perzentil nach korrekt beantworteten Fragen
Ihre Resultats-Entwicklung
Sie haben dieses Quiz noch nicht gespielt